Statystyki dla Flagi państw komunistycznych

Kliknij tutaj aby rozwiązać quiz!

Ogólne statystyki

  • Ten quiz został rozwiązany 412 razy
  • Średni wynik to 5 z 6

Statystyki odpowiedzi

Odpowiedź% Poprawnych
Chiny
100%
Wietnam
96%
Kuba
94%
Nepal
94%
Laos
86%
Mozambik
78%

Rozkład punktacji

Percentyl według liczby udzielonych odpowiedzi

Procent ludzi z każdym wynikiem

Twoja historia wyników

Nie rozwiązałeś tego quizu